000 00553nam a2200181Ia 4500
008 100920s9999 xx 000 0 und d
082 _b104552
_a891.43 न 07
100 _aसिन्हा कांता.
245 _aसुप्रभात.
260 _bमित्तल ऍण्ड सन्स,दिल्ली.
_c2007
300 _a96
_bसाधी
365 _b125
520 _aहिंदी.
630 _aसुप्रभात.
650 _aहिंदी.
730 _aसुप्रभात.
942 _cBOOK
999 _c744984
_d744981